MARC

LEADER 00000nam0a2200000 4500
001 276660
005 20231101234936.0
035 |a (RuTPU)RU\TPU\book\299933 
090 |a 276660 
100 |a 20141125d1975 km y0rusy50 ca 
101 0 |a rus 
102 |a RU 
105 |a a z 001zy 
200 1 |a Электроразведка методом дипольного индуктивного профилирования  |f В. Х. Захаров 
210 |a Ленинград  |c Недра  |d 1975 
215 |a 224 с.  |c ил. 
320 |a Библиогр.: с. 222-224. 
606 1 |a Электроразведка  |x Метод  |2 stltpush  |3 (RuTPU)RU\TPU\subj\20751  |9 45832 
610 1 |a магнитное поле 
610 1 |a амплитудно-фазовые возмущения 
610 1 |a аномальные поля 
610 1 |a работа 
610 1 |a методика 
610 1 |a техника 
610 1 |a геологические задачи 
610 1 |a дипольное индуктивное профилирование 
610 1 |a ДИП 
610 1 |a применение 
675 |a 550.837  |v 3 
700 1 |a Захаров  |b В. Х.  |g Виктор Харитонович 
801 1 |a RU  |b 63413507  |c 20141125 
801 2 |a RU  |b 63413507  |c 20210208  |g RCR 
942 |c BK